KOHA-Header-6

Fundamentals Of Database Systems (Record no. 8912)

000 -LEADER
fixed length control field 00243nam a2200109Ia 4500
020 ## - INTERNATIONAL STANDARD BOOK NUMBER
ISBN 978-0133970777
100 ## - MAIN ENTRY--AUTHOR NAME
Personal name Elmasri, Navathe
245 #0 - TITLE STATEMENT
Title Fundamentals Of Database Systems
260 ## - PUBLICATION, DISTRIBUTION, ETC. (IMPRINT)
Place of publication Delhi
Name of publisher Addison
Year of publication 1983
300 ## - PHYSICAL DESCRIPTION
Number of Pages 448
942 ## - ADDED ENTRY ELEMENTS (KOHA)
Koha item type Books
Holdings
Withdrawn status Lost status Collection code Permanent Location Current Location Shelving location Date acquired Full call number Accession Number Koha item type
    Database Systems MAJU MAJU Shelf No.B19 2019-09-14 31 4062 Computer Science

Powered by Koha